Central Library OPAC University of Rajshahi

Life of Mahomet / (Record no. 32558)

MARC details
000 -LEADER
fixed length control field 00775nam a2200265 a 4500
001 - CONTROL NUMBER
control field 32558
003 - CONTROL NUMBER IDENTIFIER
rucl marc code BD-RjUL
005 - DATE AND TIME OF LATEST TRANSACTION
control field 20211209051844.0
008 - FIXED-LENGTH DATA ELEMENTS--GENERAL INFORMATION
fixed length control field 140427r19491911enk 001 0beng d
035 ## - SYSTEM CONTROL NUMBER
System control number (BD-RjUL)32647
040 ## - CATALOGING SOURCE
Original cataloging agency BD-RjUL
Language of cataloging eng
Transcribing agency BD-RjUL
041 ## - LANGUAGE CODE
Language code of text/sound track or separate title eng
082 04 - DEWEY DECIMAL CLASSIFICATION NUMBER
Author mark and year IRL 1949
Classification number 297.9921
100 1# - MAIN ENTRY--PERSONAL NAME
Personal name Irving, Washington,
Dates associated with a name 1783-1859.
9 (RLIN) 52492
245 10 - TITLE STATEMENT
Title Life of Mahomet /
Statement of responsibility, etc. by Washington Irving
260 ## - PUBLICATION, DISTRIBUTION, ETC. (IMPRINT)
Place of publication, distribution, etc. London :
Name of publisher, distributor, etc. Dent ;
Place of publication, distribution, etc. New York :
Name of publisher, distributor, etc. Dutton,
Date of publication, distribution, etc. 1911 [Reprinted 1949]
300 ## - PHYSICAL DESCRIPTION
Pagination xx, 265 p. ;
Size 18 cm.
504 ## - BIBLIOGRAPHY, ETC. NOTE
Bibliography, etc Includes Index
600 00 - SUBJECT ADDED ENTRY--PERSONAL NAME
Personal name Muḥammad,
Titles and other words associated with a name Prophet,
Dates associated with a name -632
650 #0 - SUBJECT ADDED ENTRY--TOPICAL TERM
Topical term or geographic name as entry element Islam.
9 (RLIN) 99034
Topical term or geographic name as entry element Muslims
Form subdivision Biography.
9 (RLIN) 98030
830 #0 - SERIES ADDED ENTRY--UNIFORM TITLE
Volume number/sequential designation 513
Uniform title Everyman's library ;
942 ## - ADDED ENTRY ELEMENTS (KOHA)
Source of classification or shelving scheme Dewey Decimal Classification
Koha item type Books
Holdings
Lost status Source of classification or shelving scheme Damaged status Not for loan Collection code Permanent Location Current Location Shelving location Date acquired Source of acquisition Cost, normal purchase price Total Checkouts Full call number Date last seen Copy number Koha item type
  Dewey Decimal Classification   Not For Loan Non-fiction Central Library, University of Rajshahi Central Library, University of Rajshahi Reading Room 10/09/1955 B. H. Blacwell 0.50   297.9921 IRL 1949 27/04/2014 C-1 Books